Регионална библиотека "Любен Каравелов" - Русе

Сборник доклади, интервюта, слова и позиции по тракийска проблематика (2011-2021) (Запис номер 417508)

MARC детайли
000 -Лидер
Контролно поле с фиксирана дължина 01055nam a2200265 a 4500
003 - Код на организацията, давaща контролен номер
Контролно поле BLK
005 - Дата и час на последна редакция
Контролно поле 20250127102513.0
008 - Елементи от данни с фиксирана дължина
fixed length control field 210602b bu |||||r|||| 00| | bu d
020 ## - Международен стандартен номер на книга ISBN
Международен стандартен номер на книга ISBN 9786192324230
040 ## - Източник на каталожния запис
Идентификатор на билиотеката - собственик на записа BLK
041 ## - Код за език
Код за езика на текст/звукозапис или на отделно заглавие Български
Код за езика КДБФ Български
080 ## - УДК
Текстов определител УДК Политика
УДК код - определител по УДК 32
УДК - код + определител 32(497.2)
100 ## - Редна дума - Автор
R(LIN) 298559
Автор Премянов, Красимир Андреев
Авторска отговорност първи автор
139 ## - Редно поле
Редна дума Премянов, Красимир Андреев
210 ## - Съкратено заглавие
Съкратено заглавие Тракия
245 ## - Сведения за заглавието
Заглавие Сборник доклади, интервюта, слова и позиции по тракийска проблематика (2011-2021)
Редно поле (дума) Красимир Премянов ; предг. Георги Марков
260 ## - Област на издателските данни
9 (RLIN) 216445
Място на издаване, разпространение и проч. София
Име на издателя, разпространителя и проч. УНСС
Година на издаване 2021
300 ## - Физическа характеристика
Страници 513 с.
Илюстрации и др. цв. ил.
Размери/Мащаб 21 см
380 ## - Жанр
Жанр Обществени науки
650 #0 - Допълнително описание по предмет – тема
Основно описание – тема или топоним България - политика
9 (RLIN) 243743
700 ## - Други автори (авторска отговорност)
9 (RLIN) 364352
Лично име Марков, Георги Георгиев
Автороска отговорност (Описва отношението между автора и произведението) предг. от
852 ## - Местоположение
Форматна сигнатура Цб 307346
999 ## - СИСТЕМНИ КОНТРОЛНИ НОМЕРА
Koha biblionumber 417508
Koha biblioitemnumber 417508
942 ## - АРТИКУЛИ
Вид на библиотечния материал Книги
Скрит в OPAC Не
Периодичен библиозапис Да
944 ## - СЪЗДАВАНЕ И РЕДАКЦИЯ на ЗАПИСА
Създаване/Редакция Създаване
Дата на регистрацията/редакция 2021-06-02
Служител, извършил регистрацията/редакцията 30560
Статус, дата на статуса Геновева Генчева
Наличности
Код за отписване Код за изгубен артикул Източник на класификационната схема Код за повреда Коз за рестрикции Код за отдаване Артикулен № Име на библиотеката - собственик Име на библиотеката, в която се намира в момента Статус (Текущо местоположение) Дата на вписване в системата Местоположение - отдел Цена в лева Систематично азбучна сигнатура Баркод Цена в евро Служебен тип на артикула
  Не е изгубен Universal Decimal Classification Не е повреден само за читалня ползва се в читалня 834463 Регионална библиотека "Любен Каравелов" Русе Регионална библиотека "Любен Каравелов" Русе Хранилище 2021-06-03 Хранилище 25.00 Цб 307346 120000855483 12.78 Книги
Vip Innovations Ltd, Rousse, Bulgaria 2025